| 000 | 00871nam a2200253Ia 4500 | ||
|---|---|---|---|
| 003 | OSt | ||
| 005 | 20220918110759.0 | ||
| 006 | a|||||r|||| 00| 0 | ||
| 007 | ta | ||
| 008 | 220915b |||||||| |||| 00| 0 hin d | ||
| 024 | _a199820 | ||
| 037 | _cReference Collections | ||
| 040 |
_aARTS _cARTS _bhin |
||
| 041 |
_2hin _ahin |
||
| 082 | _aR6:g, M4(RR) | ||
| 100 |
_aसिन्हा, हरेन्द्र प्रसाद _99549 |
||
| 245 | 0 | _aभारतीय दर्शन की रूपरेखा | |
| 246 | _aBhāratīya darshan kī rūparekhā | ||
| 250 | _a4 | ||
| 260 |
_aदिल्ली _bमोतीलाल बनारसीदास _c1984 |
||
| 300 | _a354पृ0 | ||
| 942 |
_hR6:g, M4(RR) _cREF |
||
| 999 |
_c114689 _d114689 |
||